| 000 | 00899cam a2200169 4500 | ||
|---|---|---|---|
| 001 | WB3903-03 | ||
| 008 | 030121n2003 000 0 eng u | ||
| 035 | _a(Sirsi) u121084 | ||
| 245 | _aCPO reforms on the way | ||
| 260 | _c2003 | ||
| 490 |
_aRegeneration and Renewal _v 17 January 2003, 10(1) |
||
| 520 | _aThe Law Commission has issued wide ranging proposals to reform compulsory purchase procedures to make it simpler and cheaper to assemble land for regeneration. The report follows a previous consultation document in 2002. The earliest they could come into effect would be summer/autumn 2004, depending on availability of parliamentary time. The document can be downloaded in full from www.lawcom.gov.uk | ||
| 590 | _aWB | ||
| 650 | _aCOMPULSORY PURCHASE ORDERS | ||
| 690 | _aENVIRONMENTAL AND LAND CONSULTANCY-PLANNING AND DEVELOPMENT-COMPULSORY PURCHASE AND COMPENSATION | ||
| 942 | _n0 | ||
| 999 |
_c71946 _d71946 |
||